000 00581nam a2200193 a 4500
003 PILC
005 20160205153207.0
008 091127s19uu xx 00 eng d
020 _a97814338-03918
050 _aBF 31
_b.Ap65 2009
110 _aAmerican Psychological Association.
245 _aAPA concise dictionary of psychology /
260 _aWashington, D.C :
_bAmerican Psychological Association,
_c2009.
300 _a583 pages ;
_c24 cm.
650 _aPsychology
_xDictionaries.
650 _aAPA dictionary of psychology.
942 _cBK
_2lcc
_kFOR
999 _c23699
_d23699